00638 2200241 4500001002100000005001500021035002000036007000300056008004100059020002200100082001000122084001600132100002400148245003600172250001100208300003300219650002400252264003400276336002100310337003000331338002300361990001200384INLIS00000000000062520251014093709 a0010-1025000059ta251014 0 ind  a978-602-277-035-0 a629.2 a629.2 DAR t0 aDaryantoePengarang1 aTeknik Sepeda Motor /cDaryanto acet 11 a264 halaman :bilus ;c20 cm 4aTeknik Sepeda Motor aBandung :bYrama Widya,c2004 2rdacontentateks 2rdamediaatanpa perantara 2rdacarrieravolume a25.1128